[Event "9th Vellmar Chess Days"]
[Site "chess24.com"]
[Date "2017.07.14"]
[Round "3"]
[White "Rehbein, Ullrich"]
[Black "Verhoef, Ruud"]
[Result "0-1"]
[Board "43"]
[WhiteElo "1788"]
[WhiteCountry "GER"]
[WhiteFideId "4681037"]
[WhiteEloChange "-7"]
[BlackElo "1890"]
[BlackCountry "NED"]
[BlackFideId "1040774"]
[BlackEloChange "7"]

1. Nf3 {[%clk 1:30:55]} Nf6 {[%clk 1:30:49]} 2. d4 {[%clk 1:30:59]} d5 {[%clk
1:30:56]} 3. Bf4 {[%clk 1:31:23]} Bf5 {[%clk 1:31:02]} 4. e3 {[%clk 1:31:48]} e6
{[%clk 1:31:10]} 5. Bd3 {[%clk 1:31:59]} Bxd3 {[%clk 1:29:18]} 6. Qxd3 {[%clk
1:32:20]} c6 {[%clk 1:29:35]} 7. h3 {[%clk 1:30:10]} Be7 {[%clk 1:29:02]} 8. O-O
{[%clk 1:30:14]} Nbd7 {[%clk 1:27:54]} 9. Nbd2 {[%clk 1:29:34]} O-O {[%clk
1:28:12]} 10. c4 {[%clk 1:29:01]} Re8 {[%clk 1:23:51]} 11. Rfe1 {[%clk 1:20:27]}
Bb4 {[%clk 1:18:37]} 12. a3 {[%clk 1:19:41]} Bxd2 {[%clk 1:18:46]} 13. Qxd2
{[%clk 1:19:07]} a5 {[%clk 1:16:17]} 14. c5 {[%clk 1:16:52]} Ne4 {[%clk 1:13:44]}
15. Qc2 {[%clk 1:15:36]} a4 {[%clk 1:10:20]} 16. Nd2 {[%clk 1:12:05]} Nxd2 {[%clk
1:10:02]} 17. Qxd2 {[%clk 1:12:33]} e5 {[%clk 1:09:49]} 18. Bg3 {[%clk 1:12:03]}
Qa5 {[%clk 1:07:57]} 19. Qd1 {[%clk 1:05:24]} f6 {[%clk 0:56:55]} 20. Rc1 {[%clk
1:00:03]} Nf8 {[%clk 0:50:55]} 21. e4 {[%clk 0:54:57]} exd4 {[%clk 0:42:40]} 22.
exd5 {[%clk 0:48:24]} Qxe1+ {[%clk 0:30:04]} 23. Qxe1 {[%clk 0:48:11]} Rxe1+
{[%clk 0:30:31]} 24. Rxe1 {[%clk 0:48:31]} cxd5 {[%clk 0:30:55]} 25. Re7 {[%clk
0:45:41]} d3 {[%clk 0:30:11]} 26. Kf1 {[%clk 0:45:48]} Rc8 {[%clk 0:23:55]} 27.
Bc7 {[%clk 0:41:17]} Ne6 {[%clk 0:18:37]} 28. Ba5 {[%clk 0:27:39]} Nxc5 {[%clk
0:18:23]} 29. Bd2 {[%clk 0:21:07]} Nb3 {[%clk 0:17:11]} 30. Ke1 {[%clk 0:21:36]}
Rc2 {[%clk 0:14:27]} 0-1

[Event "9th Vellmar Chess Days"]
[Site "chess24.com"]
[Date "2017.07.14"]
[Round "3"]
[White "Reinecke, Katharina"]
[Black "Reichelt, Ole"]
[Result "1-0"]
[Board "44"]
[WhiteElo "1877"]
[WhiteCountry "GER"]
[WhiteFideId "12929727"]
[WhiteEloChange "6"]
[BlackElo "1736"]
[BlackCountry "GER"]
[BlackFideId "12965073"]
[BlackEloChange "-6"]

1. d4 {[%clk 1:30:58]} e6 {[%clk 1:30:51]} 2. c4 {[%clk 1:31:05]} Nf6 {[%clk
1:30:53]} 3. g3 {[%clk 1:30:42]} d5 {[%clk 1:29:40]} 4. Nf3 {[%clk 1:30:24]} c6
{[%clk 1:26:16]} 5. Bg2 {[%clk 1:30:21]} Bd6 {[%clk 1:26:37]} 6. O-O {[%clk
1:29:53]} Nbd7 {[%clk 1:26:30]} 7. b3 {[%clk 1:25:54]} Qe7 {[%clk 1:23:43]} 8.
Nc3 {[%clk 1:24:16]} O-O {[%clk 1:22:38]} 9. Bb2 {[%clk 1:24:02]} Ne4 {[%clk
1:20:56]} 10. Nxe4 {[%clk 1:17:41]} dxe4 {[%clk 1:21:18]} 11. Ne5 {[%clk
1:17:07]} f5 {[%clk 1:18:23]} 12. Qc2 {[%clk 1:12:50]} c5 {[%clk 1:15:10]} 13. e3
{[%clk 1:07:39]} cxd4 {[%clk 1:11:53]} 14. exd4 {[%clk 1:07:21]} Bxe5 {[%clk
1:08:16]} 15. dxe5 {[%clk 1:07:19]} Qc5 {[%clk 1:04:38]} 16. Qc3 {[%clk 1:05:28]}
b5 {[%clk 1:01:05]} 17. cxb5 {[%clk 1:00:32]} Qxb5 {[%clk 0:53:20]} 18. Rfd1
{[%clk 0:54:10]} Bb7 {[%clk 0:49:46]} 19. Bf1 {[%clk 0:51:00]} Qc6 {[%clk
0:49:24]} 20. Qxc6 {[%clk 0:50:08]} Bxc6 {[%clk 0:49:51]} 21. Rd6 {[%clk
0:44:07]} Rac8 {[%clk 0:49:11]} 22. Rc1 {[%clk 0:39:57]} Nb8 {[%clk 0:46:48]} 23.
Rxe6 {[%clk 0:37:12]} Bd7 {[%clk 0:44:12]} 24. Rd6 {[%clk 0:35:39]} a6 {[%clk
0:31:40]} 25. Bc4+ {[%clk 0:30:44]} Kh8 {[%clk 0:31:56]} 26. a4 {[%clk 0:22:41]}
Rc6 {[%clk 0:23:08]} 27. Rcd1 {[%clk 0:18:55]} Rcc8 {[%clk 0:06:29]} 28. Rxd7
{[%clk 0:16:53]} Nxd7 {[%clk 0:05:45]} 29. Rxd7 {[%clk 0:17:18]} Rcd8 {[%clk
0:03:12]} 30. e6 {[%clk 0:16:31]} Rde8 {[%clk 0:00:45]} 31. Rxg7 {[%clk 0:14:44]}
1-0

[Event "9th Vellmar Chess Days"]
[Site "chess24.com"]
[Date "2017.07.14"]
[Round "3"]
[White "Wehr, Alexander"]
[Black "Koerbel, Ekkehard"]
[Result "1-0"]
[Board "45"]
[WhiteElo "1785"]
[WhiteCountry "GER"]
[WhiteFideId "24628913"]
[WhiteEloChange "12"]
[BlackElo "1838"]
[BlackCountry "GER"]
[BlackFideId "12976148"]
[BlackEloChange "-12"]

1. c4 {[%clk 1:30:56]} e5 {[%clk 1:30:55]} 2. Nc3 {[%clk 1:31:15]} Nc6 {[%clk
1:31:20]} 3. g3 {[%clk 1:31:32]} g6 {[%clk 1:31:46]} 4. Bg2 {[%clk 1:31:57]} Bg7
{[%clk 1:32:11]} 5. e3 {[%clk 1:31:49]} d6 {[%clk 1:32:12]} 6. Nge2 {[%clk
1:32:11]} f5 {[%clk 1:31:16]} 7. O-O {[%clk 1:31:46]} Nf6 {[%clk 1:31:30]} 8. d4
{[%clk 1:30:09]} O-O {[%clk 1:28:27]} 9. d5 {[%clk 1:13:58]} Ne7 {[%clk 1:28:03]}
10. b4 {[%clk 1:08:14]} h6 {[%clk 1:25:42]} 11. a4 {[%clk 1:08:30]} g5 {[%clk
1:23:26]} 12. Ra3 {[%clk 1:04:24]} Ng6 {[%clk 1:14:33]} 13. f4 {[%clk 0:59:09]}
Qe7 {[%clk 1:03:14]} 14. e4 {[%clk 0:55:20]} exf4 {[%clk 0:39:02]} 15. exf5
{[%clk 0:40:27]} Ne5 {[%clk 0:28:48]} 16. gxf4 {[%clk 0:37:13]} Nxc4 {[%clk
0:27:10]} 17. Rb3 {[%clk 0:28:50]} Ne3 {[%clk 0:22:26]} 18. Bxe3 {[%clk 0:28:46]}
Qxe3+ {[%clk 0:22:51]} 19. Kh1 {[%clk 0:29:10]} g4 {[%clk 0:17:03]} 20. Ne4
{[%clk 0:25:47]} Qb6 {[%clk 0:17:26]} 21. Nxf6+ {[%clk 0:25:26]} Bxf6 {[%clk
0:17:25]} 22. Ng3 {[%clk 0:25:45]} Kh7 {[%clk 0:13:38]} 23. Qxg4 {[%clk 0:23:36]}
Rg8 {[%clk 0:13:46]} 24. Qh5 {[%clk 0:23:30]} Qd4 {[%clk 0:10:40]} 25. Ne2 {[%clk
0:20:03]} Qd2 {[%clk 0:05:21]} 26. Rh3 {[%clk 0:19:59]} Bg7 {[%clk 0:02:24]} 27.
Qg6+ {[%clk 0:20:06]} 1-0

[Event "9th Vellmar Chess Days"]
[Site "chess24.com"]
[Date "2017.07.14"]
[Round "3"]
[White "Modric, Vladimir"]
[Black "Geisler, Reinhard"]
[Result "1-0"]
[Board "48"]
[WhiteElo "1903"]
[WhiteCountry "GER"]
[WhiteFideId "24628654"]
[WhiteEloChange "8"]
[BlackElo "1835"]
[BlackCountry "GER"]
[BlackFideId "4679733"]
[BlackEloChange "-8"]

1. c4 {[%clk 1:30:30]} c5 {[%clk 1:30:30]} 2. g3 {[%clk 1:30:30]} g6 {[%clk
1:30:30]} 3. Bg2 {[%clk 1:30:30]} Bg7 {[%clk 1:30:30]} 4. Nc3 {[%clk 1:30:30]}
Nc6 {[%clk 1:30:30]} 5. a3 {[%clk 1:30:30]} e6 {[%clk 1:30:30]} 6. Rb1 {[%clk
1:30:30]} a5 {[%clk 1:30:30]} 7. e3 {[%clk 1:30:30]} Nge7 {[%clk 1:30:30]} 8.
Nge2 {[%clk 1:30:30]} d5 {[%clk 1:30:30]} 9. cxd5 {[%clk 1:30:30]} Nxd5 {[%clk
1:30:30]} 10. O-O {[%clk 1:30:30]} O-O {[%clk 1:30:30]} 11. Qb3 {[%clk 1:30:30]}
Nde7 {[%clk 1:30:30]} 12. Na4 {[%clk 1:30:30]} Qc7 {[%clk 1:30:30]} 13. Nxc5
{[%clk 1:30:30]} b6 {[%clk 1:30:30]} 14. Na4 {[%clk 1:30:30]} Rb8 {[%clk
1:30:30]} 15. d4 {[%clk 1:30:30]} Ba6 {[%clk 1:30:30]} 16. Re1 {[%clk 1:30:30]}
Rfd8 {[%clk 1:30:30]} 17. Nf4 {[%clk 1:30:30]} Qd6 {[%clk 1:30:30]} 18. Nc3
{[%clk 1:30:30]} e5 {[%clk 1:30:30]} 19. Ne4 {[%clk 1:30:30]} Qc7 {[%clk
1:30:30]} 20. Ng5 {[%clk 1:30:30]} exf4 {[%clk 1:30:30]} 21. Qxf7+ {[%clk
1:30:30]} Kh8 {[%clk 1:30:30]} 22. Ne6 {[%clk 1:30:30]} 1-0

[Event "9th Vellmar Chess Days"]
[Site "chess24.com"]
[Date "2017.07.14"]
[Round "3"]
[White "Zaerban, Jan Christopher"]
[Black "Schuette, Ulrich"]
[Result "0-1"]
[Board "49"]
[WhiteElo "1890"]
[WhiteCountry "GER"]
[WhiteFideId "4660277"]
[WhiteEloChange "-12"]
[BlackElo "1830"]
[BlackCountry "GER"]
[BlackFideId "4646134"]
[BlackEloChange "12"]

1. Nf3 {[%clk 1:30:30]} d5 {[%clk 1:30:30]} 2. c4 {[%clk 1:30:30]} dxc4 {[%clk
1:30:30]} 3. e3 {[%clk 1:30:30]} Nf6 {[%clk 1:30:30]} 4. Bxc4 {[%clk 1:30:30]} e6
{[%clk 1:30:30]} 5. O-O {[%clk 1:30:30]} Be7 {[%clk 1:30:30]} 6. d4 {[%clk
1:30:30]} O-O {[%clk 1:30:30]} 7. Nc3 {[%clk 1:30:30]} a6 {[%clk 1:30:30]} 8. a4
{[%clk 1:30:30]} Nc6 {[%clk 1:30:30]} 9. e4 {[%clk 1:30:30]} Na5 {[%clk 1:30:30]}
10. Ba2 {[%clk 1:30:30]} c5 {[%clk 1:30:30]} 11. d5 {[%clk 1:30:30]} c4 {[%clk
1:30:30]} 12. Bf4 {[%clk 1:30:30]} exd5 {[%clk 1:30:30]} 13. exd5 {[%clk
1:30:30]} Bd6 {[%clk 1:30:30]} 14. Bxd6 {[%clk 1:30:30]} Qxd6 {[%clk 1:30:30]}
15. Qd4 {[%clk 1:30:30]} Qb4 {[%clk 1:30:30]} 16. Rab1 {[%clk 1:30:30]} Bf5
{[%clk 1:30:30]} 17. Rbc1 {[%clk 1:30:30]} b5 {[%clk 1:30:30]} 18. axb5 {[%clk
1:30:30]} axb5 {[%clk 1:30:30]} 19. Qd2 {[%clk 1:30:30]} Bd3 {[%clk 1:30:30]} 20.
Rfe1 {[%clk 1:30:30]} Rfd8 {[%clk 1:30:30]} 21. Ne5 {[%clk 1:30:30]} Rxd5 {[%clk
1:30:30]} 22. b3 {[%clk 1:30:30]} Rdd8 {[%clk 1:30:30]} 23. bxc4 {[%clk 1:30:30]}
Bxc4 {[%clk 1:30:30]} 24. Qf4 {[%clk 1:30:30]} Nb3 {[%clk 1:30:30]} 25. Rb1
{[%clk 1:30:30]} Qxc3 {[%clk 1:30:30]} 0-1

[Event "9th Vellmar Chess Days"]
[Site "chess24.com"]
[Date "2017.07.14"]
[Round "3"]
[White "Poelig, Juergen"]
[Black "Wohlrabe, Joerg"]
[Result "1-0"]
[Board "50"]
[WhiteElo "1883"]
[WhiteCountry "GER"]
[WhiteFideId "24661686"]
[WhiteEloChange "7"]
[BlackElo "1791"]
[BlackCountry "GER"]
[BlackFideId "4688660"]
[BlackEloChange "-7"]

1. Nf3 {[%clk 1:30:30]} Nf6 {[%clk 1:30:30]} 2. g3 {[%clk 1:30:30]} e6 {[%clk
1:30:30]} 3. Bg2 {[%clk 1:30:30]} Be7 {[%clk 1:30:30]} 4. O-O {[%clk 1:30:30]}
O-O {[%clk 1:30:30]} 5. d3 {[%clk 1:30:30]} d5 {[%clk 1:30:30]} 6. Nbd2 {[%clk
1:30:30]} Nbd7 {[%clk 1:30:30]} 7. e4 {[%clk 1:30:30]} dxe4 {[%clk 1:30:30]} 8.
dxe4 {[%clk 1:30:30]} Re8 {[%clk 1:30:30]} 9. e5 {[%clk 1:30:30]} Nd5 {[%clk
1:30:30]} 10. Qe2 {[%clk 1:30:30]} c6 {[%clk 1:30:30]} 11. Re1 {[%clk 1:30:30]}
Qc7 {[%clk 1:30:30]} 12. h4 {[%clk 1:30:30]} Nf8 {[%clk 1:30:30]} 13. Ne4 {[%clk
1:30:30]} Rd8 {[%clk 1:30:30]} 14. a3 {[%clk 1:30:30]} a5 {[%clk 1:30:30]} 15. c4
{[%clk 1:30:30]} Nb6 {[%clk 1:30:30]} 16. Bf4 {[%clk 1:30:30]} Ng6 {[%clk
1:30:30]} 17. Nfg5 {[%clk 1:30:30]} Nxf4 {[%clk 1:30:30]} 18. gxf4 {[%clk
1:30:30]} Bxg5 {[%clk 1:30:30]} 19. hxg5 {[%clk 1:30:30]} Nd7 {[%clk 1:30:30]}
20. Qh5 {[%clk 1:30:30]} Nf8 {[%clk 1:30:30]} 21. Nf6+ {[%clk 1:30:30]} Kh8
{[%clk 1:30:30]} 22. Re3 {[%clk 1:30:30]} gxf6 {[%clk 1:30:30]} 23. gxf6 {[%clk
1:30:30]} Nd7 {[%clk 1:30:30]} 24. Rh3 {[%clk 1:30:30]} Nf8 {[%clk 1:30:30]} 25.
Qh6 {[%clk 1:30:30]} 1-0

[Event "9th Vellmar Chess Days"]
[Site "chess24.com"]
[Date "2017.07.14"]
[Round "3"]
[White "Vergin, Marcel"]
[Black "Lange, Lars"]
[Result "0-1"]
[Board "51"]
[WhiteElo "1777"]
[WhiteCountry "GER"]
[WhiteFideId "12946010"]
[WhiteEloChange "-11"]
[BlackElo "1733"]
[BlackCountry "GER"]
[BlackFideId "16217900"]
[BlackEloChange "11"]

1. d4 {[%clk 1:30:30]} Nf6 {[%clk 1:30:30]} 2. Nf3 {[%clk 1:30:30]} g6 {[%clk
1:30:30]} 3. Bf4 {[%clk 1:30:30]} Bg7 {[%clk 1:30:30]} 4. Nbd2 {[%clk 1:30:30]}
d5 {[%clk 1:30:30]} 5. e3 {[%clk 1:30:30]} O-O {[%clk 1:30:30]} 6. Be2 {[%clk
1:30:30]} c5 {[%clk 1:30:30]} 7. c3 {[%clk 1:30:30]} Nc6 {[%clk 1:30:30]} 8. h4
{[%clk 1:30:30]} Bg4 {[%clk 1:30:30]} 9. Qb3 {[%clk 1:30:30]} Qb6 {[%clk
1:30:30]} 10. dxc5 {[%clk 1:30:30]} Qxb3 {[%clk 1:30:30]} 11. axb3 {[%clk
1:30:30]} a5 {[%clk 1:30:30]} 12. Nd4 {[%clk 1:30:30]} Bxe2 {[%clk 1:30:30]} 13.
Nxc6 {[%clk 1:30:30]} bxc6 {[%clk 1:30:30]} 14. Kxe2 {[%clk 1:30:30]} Nd7 {[%clk
1:30:30]} 15. Bc7 {[%clk 1:30:30]} Nxc5 {[%clk 1:30:30]} 16. Bxa5 {[%clk
1:30:30]} Nd7 {[%clk 1:30:30]} 17. h5 {[%clk 1:30:30]} Ra6 {[%clk 1:30:30]} 18.
hxg6 {[%clk 1:30:30]} hxg6 {[%clk 1:30:30]} 19. Bb4 {[%clk 1:30:30]} Rxa1 {[%clk
1:30:30]} 20. Rxa1 {[%clk 1:30:30]} c5 {[%clk 1:30:30]} 21. Ba3 {[%clk 1:30:30]}
Ra8 {[%clk 1:30:30]} 22. Nf3 {[%clk 1:30:30]} e6 {[%clk 1:30:30]} 23. Rc1 {[%clk
1:30:30]} Bf8 {[%clk 1:30:30]} 24. Kd3 {[%clk 1:30:30]} Rb8 {[%clk 1:30:30]} 25.
Kc2 {[%clk 1:30:30]} Bd6 {[%clk 1:30:30]} 26. Nd2 {[%clk 1:30:30]} f5 {[%clk
1:30:30]} 27. f3 {[%clk 1:30:30]} Kf7 {[%clk 1:30:30]} 28. Rh1 {[%clk 1:30:30]}
Kg7 {[%clk 1:30:30]} 29. Rh4 {[%clk 1:30:30]} Rb7 {[%clk 1:30:30]} 30. e4 {[%clk
1:30:30]} Be7 {[%clk 1:30:30]} 31. Rh1 {[%clk 1:30:30]} Rb8 {[%clk 1:30:30]} 32.
exf5 {[%clk 1:30:30]} exf5 {[%clk 1:30:30]} 33. g4 {[%clk 1:30:30]} Nf6 {[%clk
1:30:30]} 34. Re1 {[%clk 1:30:30]} Rb7 {[%clk 1:30:30]} 35. g5 {[%clk 1:30:30]}
Nh5 {[%clk 1:30:30]} 36. c4 {[%clk 1:30:30]} d4 {[%clk 1:30:30]} 37. f4 {[%clk
1:30:30]} Nxf4 {[%clk 1:30:30]} 38. Nf3 {[%clk 1:30:30]} Bd6 {[%clk 1:30:30]} 39.
Nxd4 {[%clk 1:30:30]} Re7 {[%clk 1:30:30]} 0-1

[Event "9th Vellmar Chess Days"]
[Site "chess24.com"]
[Date "2017.07.14"]
[Round "3"]
[White "von Lossow, Marcus"]
[Black "Ziegenfuss, Antonia"]
[Result "0-1"]
[Board "52"]
[WhiteElo "1781"]
[WhiteCountry "GER"]
[WhiteFideId "12942090"]
[WhiteEloChange "-7"]
[BlackElo "1879"]
[BlackCountry "GER"]
[BlackFideId "12962554"]
[BlackEloChange "7"]

1. e4 {[%clk 1:30:30]} c5 {[%clk 1:30:30]} 2. Nf3 {[%clk 1:30:30]} e6 {[%clk
1:30:30]} 3. d4 {[%clk 1:30:30]} cxd4 {[%clk 1:30:30]} 4. Nxd4 {[%clk 1:30:30]}
Nf6 {[%clk 1:30:30]} 5. Nc3 {[%clk 1:30:30]} Nc6 {[%clk 1:30:30]} 6. Be3 {[%clk
1:30:30]} Bb4 {[%clk 1:30:30]} 7. f3 {[%clk 1:30:30]} d5 {[%clk 1:30:30]} 8. Nxc6
{[%clk 1:30:30]} Bxc3+ {[%clk 1:30:30]} 9. bxc3 {[%clk 1:30:30]} bxc6 {[%clk
1:30:30]} 10. e5 {[%clk 1:30:30]} Nd7 {[%clk 1:30:30]} 11. f4 {[%clk 1:30:30]}
O-O {[%clk 1:30:30]} 12. c4 {[%clk 1:30:30]} f6 {[%clk 1:30:30]} 13. cxd5 {[%clk
1:30:30]} cxd5 {[%clk 1:30:30]} 14. Qg4 {[%clk 1:30:30]} fxe5 {[%clk 1:30:30]}
15. Qxe6+ {[%clk 1:30:30]} Kh8 {[%clk 1:30:30]} 16. Qxd5 {[%clk 1:30:30]} exf4
{[%clk 1:30:30]} 17. Qxa8 {[%clk 1:30:30]} fxe3 {[%clk 1:30:30]} 18. O-O-O {[%clk
1:30:30]} Qf6 {[%clk 1:30:30]} 19. Kb1 {[%clk 1:30:30]} Ba6 {[%clk 1:30:30]} 20.
Qxa7 {[%clk 1:30:30]} Rb8+ {[%clk 1:30:30]} 21. Qxb8+ {[%clk 1:30:30]} Nxb8
{[%clk 1:30:30]} 22. Bxa6 {[%clk 1:30:30]} Nxa6 {[%clk 1:30:30]} 23. Rhf1 {[%clk
1:30:30]} e2 {[%clk 1:30:30]} 24. Rxf6 {[%clk 1:30:30]} exd1Q+ {[%clk 1:30:30]}
25. Kb2 {[%clk 1:30:30]} gxf6 {[%clk 1:30:30]} 0-1

[Event "9th Vellmar Chess Days"]
[Site "chess24.com"]
[Date "2017.07.14"]
[Round "3"]
[White "Kanbach, Mike"]
[Black "Toval, David"]
[Result "1-0"]
[Board "53"]
[WhiteElo "1846"]
[WhiteCountry "GER"]
[WhiteFideId "12974536"]
[WhiteEloChange "7"]
[BlackElo "1733"]
[BlackCountry "GER"]
[BlackFideId "12992755"]
[BlackEloChange "-7"]

1. Nf3 {[%clk 1:30:30]} Nf6 {[%clk 1:30:30]} 2. d4 {[%clk 1:30:30]} e6 {[%clk
1:30:30]} 3. e3 {[%clk 1:30:30]} b6 {[%clk 1:30:30]} 4. Bd3 {[%clk 1:30:30]} Bb7
{[%clk 1:30:30]} 5. Nbd2 {[%clk 1:30:30]} d5 {[%clk 1:30:30]} 6. Ne5 {[%clk
1:30:30]} Nbd7 {[%clk 1:30:30]} 7. f4 {[%clk 1:30:30]} c5 {[%clk 1:30:30]} 8. Qf3
{[%clk 1:30:30]} Qc7 {[%clk 1:30:30]} 9. c3 {[%clk 1:30:30]} c4 {[%clk 1:30:30]}
10. Bc2 {[%clk 1:30:30]} Be7 {[%clk 1:30:30]} 11. O-O {[%clk 1:30:30]} Rf8 {[%clk
1:30:30]} 12. Rf2 {[%clk 1:30:30]} O-O-O {[%clk 1:30:30]} 13. Nxd7 {[%clk
1:30:30]} Rxd7 {[%clk 1:30:30]} 14. b3 {[%clk 1:30:30]} cxb3 {[%clk 1:30:30]} 15.
Bxb3 {[%clk 1:30:30]} Qxc3 {[%clk 1:30:30]} 16. Rb1 {[%clk 1:30:30]} Rc7 {[%clk
1:30:30]} 17. Bb2 {[%clk 1:30:30]} Qd3 {[%clk 1:30:30]} 18. Rd1 {[%clk 1:30:30]}
Qg6 {[%clk 1:30:30]} 19. Qe2 {[%clk 1:30:30]} Qg4 {[%clk 1:30:30]} 20. Qf1 {[%clk
1:30:30]} Kb8 {[%clk 1:30:30]} 21. Rf3 {[%clk 1:30:30]} Qf5 {[%clk 1:30:30]} 22.
Rg3 {[%clk 1:30:30]} g6 {[%clk 1:30:30]} 23. Rg5 {[%clk 1:30:30]} Ng4 {[%clk
1:30:30]} 24. Rxf5 {[%clk 1:30:30]} Nxe3 {[%clk 1:30:30]} 25. Qe2 {[%clk
1:30:30]} Nxd1 {[%clk 1:30:30]} 26. Bxd1 {[%clk 1:30:30]} gxf5 {[%clk 1:30:30]}
27. Qd3 {[%clk 1:30:30]} Bd6 {[%clk 1:30:30]} 28. g3 {[%clk 1:30:30]} Rfc8 {[%clk
1:30:30]} 29. Kf2 {[%clk 1:30:30]} a5 {[%clk 1:30:30]} 30. Nb1 {[%clk 1:30:30]}
Ka7 {[%clk 1:30:30]} 31. Nc3 {[%clk 1:30:30]} Ba6 {[%clk 1:30:30]} 32. Nb5+
{[%clk 1:30:30]} Kb8 {[%clk 1:30:30]} 33. a4 {[%clk 1:30:30]} Bb4 {[%clk
1:30:30]} 34. Qe3 {[%clk 1:30:30]} Bxb5 {[%clk 1:30:30]} 35. axb5 {[%clk
1:30:30]} Rc2+ {[%clk 1:30:30]} 36. Bxc2 {[%clk 1:30:30]} Rxc2+ {[%clk 1:30:30]}
37. Kg1 {[%clk 1:30:30]} Rxb2 {[%clk 1:30:30]} 38. Qc1 {[%clk 1:30:30]} Ra2
{[%clk 1:30:30]} 39. Qc6 {[%clk 1:30:30]} a4 {[%clk 1:30:30]} 40. Qxb6+ {[%clk
1:30:30]} Kc8 {[%clk 1:30:30]} 41. Qc6+ {[%clk 1:30:30]} Kd8 {[%clk 1:30:30]} 42.
b6 {[%clk 1:30:30]} Ke7 {[%clk 1:30:30]} 43. Qc7+ {[%clk 1:30:30]} Kf6 {[%clk
1:30:30]} 44. b7 {[%clk 1:30:30]} a3 {[%clk 1:30:30]} 45. Qe5+ {[%clk 1:30:30]}
Kg6 {[%clk 1:30:30]} 46. b8Q {[%clk 1:30:30]} Ra1+ {[%clk 1:30:30]} 47. Kg2
{[%clk 1:30:30]} a2 {[%clk 1:30:30]} 48. Qg8+ {[%clk 1:30:30]} Kh5 {[%clk
1:30:30]} 49. Qg5# {[%clk 1:30:30]} 1-0

[Event "9th Vellmar Chess Days"]
[Site "chess24.com"]
[Date "2017.07.15"]
[Round "4"]
[White "Neukirchner, Pascal"]
[Black "Meijers, Viesturs"]
[Result "1/2-1/2"]
[Board "1"]
[WhiteElo "2150"]
[WhiteCountry "GER"]
[WhiteFideId "12997927"]
[WhiteEloChange "7"]
[BlackElo "2472"]
[BlackTitle "GM"]
[BlackCountry "LAT"]
[BlackFideId "11600314"]
[BlackEloChange "-4"]

1. d4 {[%clk 1:30:58]} Nf6 {[%clk 1:17:25]} 2. c4 {[%clk 1:31:03]} e6 {[%clk
1:17:51]} 3. Nc3 {[%clk 1:31:07]} d5 {[%clk 1:17:39]} 4. cxd5 {[%clk 1:30:55]}
exd5 {[%clk 1:18:04]} 5. Bg5 {[%clk 1:31:19]} Be7 {[%clk 1:18:30]} 6. e3 {[%clk
1:31:42]} Nbd7 {[%clk 1:18:32]} 7. Bd3 {[%clk 1:31:47]} O-O {[%clk 1:18:20]} 8.
Qc2 {[%clk 1:32:07]} b6 {[%clk 1:18:46]} 9. Nge2 {[%clk 1:31:49]} c5 {[%clk
1:18:36]} 10. O-O {[%clk 1:30:34]} c4 {[%clk 1:14:30]} 11. Bf5 {[%clk 1:30:51]}
Bb7 {[%clk 1:14:38]} 12. Rad1 {[%clk 1:28:27]} a6 {[%clk 1:13:31]} 13. f3 {[%clk
1:26:43]} b5 {[%clk 1:00:51]} 14. a3 {[%clk 1:26:39]} g6 {[%clk 0:58:03]} 15. Bh3
{[%clk 1:24:48]} Re8 {[%clk 0:56:32]} 16. e4 {[%clk 1:20:51]} dxe4 {[%clk
0:53:20]} 17. Bxf6 {[%clk 1:21:15]} Bxf6 {[%clk 0:53:00]} 18. fxe4 {[%clk
1:21:04]} Bg5 {[%clk 0:53:25]} 19. e5 {[%clk 1:13:50]} f5 {[%clk 0:50:30]} 20.
Nf4 {[%clk 0:56:38]} Nb6 {[%clk 0:42:46]} 21. g3 {[%clk 0:54:16]} Bxf4 {[%clk
0:39:24]} 22. Rxf4 {[%clk 0:47:25]} Nd5 {[%clk 0:38:41]} 23. Nxd5 {[%clk
0:47:39]} Qxd5 {[%clk 0:35:38]} 24. Bg2 {[%clk 0:48:03]} Qxg2+ {[%clk 0:36:03]}
25. Qxg2 {[%clk 0:48:30]} Bxg2 {[%clk 0:36:28]} 26. Kxg2 {[%clk 0:48:56]} Rad8
{[%clk 0:36:52]} 27. Rff1 {[%clk 0:47:32]} Kf7 {[%clk 0:36:14]} 28. Kf3 {[%clk
0:45:17]} Ke6 {[%clk 0:36:09]} 29. Ke3 {[%clk 0:40:10]} Rf8 {[%clk 0:34:33]} 30.
g4 {[%clk 0:32:46]} Rc8 {[%clk 0:15:46]} 31. gxf5+ {[%clk 0:31:09]} gxf5 {[%clk
0:16:08]} 32. Kf4 {[%clk 0:23:37]} Kd5 {[%clk 0:10:21]} 33. Rg1 {[%clk 0:17:22]}
c3 {[%clk 0:10:40]} 34. bxc3 {[%clk 0:17:00]} Rxc3 {[%clk 0:11:07]} 35. Rg7
{[%clk 0:17:15]} Rd8 {[%clk 0:11:26]} 36. Rxh7 {[%clk 0:15:40]} Rxa3 {[%clk
0:11:51]} 37. Rc7 {[%clk 0:15:38]} Ra4 {[%clk 0:11:48]} 38. Rc5+ {[%clk 0:15:43]}
Ke6 {[%clk 0:12:14]} 39. Rc6+ {[%clk 0:15:58]} Kd5 {[%clk 0:12:40]} 40. Rc5+
{[%clk 0:16:25]} 1/2-1/2

[Event "9th Vellmar Chess Days"]
[Site "chess24.com"]
[Date "2017.07.15"]
[Round "4"]
[White "Boehm, Thomas"]
[Black "Weber, Samuel"]
[Result "0-1"]
[Board "2"]
[WhiteElo "2154"]
[WhiteCountry "GER"]
[WhiteFideId "4682807"]
[WhiteEloChange "-11"]
[BlackElo "2123"]
[BlackCountry "GER"]
[BlackFideId "12924008"]
[BlackEloChange "11"]

1. d4 {[%clk 1:29:23]} Nf6 {[%clk 1:30:52]} 2. Nf3 {[%clk 1:29:41]} e6 {[%clk
1:31:01]} 3. e3 {[%clk 1:29:45]} b6 {[%clk 1:31:08]} 4. Bd3 {[%clk 1:29:36]} Bb7
{[%clk 1:27:34]} 5. O-O {[%clk 1:29:00]} Be7 {[%clk 1:27:05]} 6. c4 {[%clk
1:27:57]} O-O {[%clk 1:24:44]} 7. Nc3 {[%clk 1:27:13]} d5 {[%clk 1:21:30]} 8. b3
{[%clk 1:16:09]} Nbd7 {[%clk 1:16:44]} 9. Bb2 {[%clk 1:15:05]} c5 {[%clk
1:08:15]} 10. Qe2 {[%clk 1:12:25]} Rc8 {[%clk 1:06:31]} 11. Rfd1 {[%clk 1:11:27]}
Qc7 {[%clk 1:05:20]} 12. Rac1 {[%clk 1:11:24]} Qb8 {[%clk 1:05:40]} 13. Ba3
{[%clk 0:57:29]} Rfe8 {[%clk 0:54:41]} 14. Na4 {[%clk 0:45:34]} cxd4 {[%clk
0:46:38]} 15. Bxe7 {[%clk 0:45:28]} Rxe7 {[%clk 0:47:05]} 16. Nxd4 {[%clk
0:35:24]} dxc4 {[%clk 0:37:34]} 17. Rxc4 {[%clk 0:31:44]} Ne5 {[%clk 0:34:25]}
18. Rxc8+ {[%clk 0:31:34]} Qxc8 {[%clk 0:34:25]} 19. Qd2 {[%clk 0:24:14]} Nxd3
{[%clk 0:31:39]} 20. Qxd3 {[%clk 0:24:37]} Rd7 {[%clk 0:31:28]} 21. Qe2 {[%clk
0:18:47]} e5 {[%clk 0:16:12]} 22. Nf5 {[%clk 0:10:34]} Qd8 {[%clk 0:15:42]} 23.
Rxd7 {[%clk 0:08:53]} Qxd7 {[%clk 0:14:16]} 24. Ng3 {[%clk 0:09:07]} Qc6 {[%clk
0:11:56]} 25. f3 {[%clk 0:09:21]} e4 {[%clk 0:09:20]} 26. f4 {[%clk 0:09:31]}
Qc1+ {[%clk 0:08:32]} 27. Kf2 {[%clk 0:09:33]} Ba6 {[%clk 0:07:04]} 28. Qxa6
{[%clk 0:09:05]} Ng4+ {[%clk 0:07:24]} 29. Ke2 {[%clk 0:09:23]} Qc2+ {[%clk
0:07:46]} 0-1